[Event "Barcelona Sant Marti op-B 25th"]
[Site "Barcelona"]
[Date "2025.07.16"]
[Round "4"]
[White "Patel, Parisa"]
[Black "Graciano Dalmau, Alex"]
[Result "0-1"]
[WhiteElo "1454"]
[BlackElo "1719"]
[PlyCount "70"]
[EventDate "2025.07.13"]
[EventType "swiss"]
[EventRounds "9"]
[EventCountry "ESP"]
[SourceTitle "CB30_2025"]
[SourceDate "2025.07.23"]
[SourceVersion "1"]
[SourceVersionDate "2025.07.23"]
[SourceQuality "1"]

1. e4 c5 2. Nf3 Nc6 3. Bb5 a6 4. Bxc6 bxc6 5. 0-0 d6 6. c3 Nf6 7. Re1 g6 8. d4 cxd4 9. cxd4 Bg7 10. Nc3 0-0 11. Bf4 Bg4 12. h3 Bxf3 13. Qxf3 Qb6 14. e5 dxe5 15. dxe5 Nd7 16. Rad1 Qb7 17. Re2 Nc5 18. Rc1 Rac8 19. Qe3 Ne6 20. Bh6 Rfd8 21. Bxg7 Kxg7 22. f4 Nd4 23. Rd2 Nf5 24. Qf2 Rxd2 25. Qxd2 Qb6+ 26. Kh2 Rd8 27. Qc2 Qe3 28. Rf1 Rd2 29. Qxd2 Qxd2 30. Na4 Nh4 31. Rg1 Qxf4+ 32. g3 Qf2+ 33. Kh1 Nf3 34. Rg2 Qf1+ 35. Rg1 Qxh3# 0-1

[Event "Barcelona Sant Marti op-B 25th"]
[Site "Barcelona"]
[Date "2025.07.13"]
[Round "1"]
[White "Graciano Dalmau, Alex"]
[Black "Daguro Dasalla, Armando"]
[Result "0-1"]
[WhiteElo "1719"]
[BlackElo "1930"]
[PlyCount "124"]
[EventDate "2025.07.13"]
[EventType "swiss"]
[EventRounds "9"]
[EventCountry "ESP"]
[SourceTitle "CB30_2025"]
[SourceDate "2025.07.23"]
[SourceVersion "1"]
[SourceVersionDate "2025.07.23"]
[SourceQuality "1"]

1. e4 Nc6 2. Bc4 e5 3. Nf3 Nf6 4. d3 Bc5 5. Bg5 d6 6. h3 Qe7 7. Nc3 Be6 8. Nd5 Bxd5 9. Bxd5 h6 10. Bxc6+ bxc6 11. Be3 Nd7 12. Bxc5 Nxc5 13. Qd2 0-0 14. 0-0 Ne6 15. g3 f5 16. Kg2 fxe4 17. dxe4 g5 18. Rae1 Rf6 19. Re2 Raf8 20. Nh2 h5 21. c3 Qg7 22. b4 Kh7 23. a3 Rg8 24. Kh1 Rg6 25. Nf3 Qf6 26. Ng1 h4 27. g4 Rf8 28. Re3 Nf4 29. Rf3 Qe6 30. a4 Rgf6 31. Kh2 Kg6 32. Qe3 Qc4 33. Re1 a5 34. bxa5 Ra8 35. Rb1 Rxa5 36. Rxf4 exf4 37. Qe1 Qxa4 38. Nf3 Re6 39. Nd4 Ree5 40. Rb4 Qa1 41. Rb1 Qa2 42. Nxc6 Qc4 43. Nxa5 Rxa5 44. Rb2 Rc5 45. Rc2 Kf6 46. f3 Ke5 47. Kg2 c6 48. Kf2 Qb3 49. Qd2 Qc4 50. Qe2 Qb3 51. Qd2 Rc4 52. Rc1 Qb6+ 53. Ke2 Qc5 54. Qd3 Ra4 55. Rc2 Qg1 56. Kd2 Qh2+ 57. Kc1 Qxh3 58. Kb2 Qh1 59. Rc1 Qg2+ 60. Rc2 Qg1 61. Rc1 Qb6+ 62. Kc2 Ra2+ 0-1